Statistiques concernant Les langues régionales en France - Moyen

Cliquez ici pour prendre le quiz!

Statistiques générales

  • Ce quiz a été pris 65 fois
  • Le résultat moyen est 12 sur 28

Réponses sur la Carte

Les réponses sont colorées sur une échelle allant du rouge au vert en fonction du pourcentage des utilisateurs qui les ont devinées à leur premier essai. Vous pouvez retrouver ces pourcentages ci-dessous.
 

Statistiques - réponses

Langue% Correct
Breton
100%
Corse
90%
Alsacien
86%
Basque
83%
Normand
76%
Créoles
75%
Catalan
68%
Provençal
56%
Flamand
54%
Auvergnat
52%
Lorrain
49%
Picard
46%
Bourguignon
38%
Poitevin
37%
Gascon
35%
Limousin
32%
Gallo
30%
Bourbonnais
29%
Angevin
25%
Berrichon
25%
Champenois
24%
Franc-Comtois
24%
Languedocien
24%
Mahorais
24%
Franco-Provençal
21%
Orléanais
17%
Francique
14%
Provençal-Alpin
8%

Distribution des résultats

Percentile par nombre de réponses

% des personnes avec chaque résultat

Votre développement - résultats

Vous n’avez pas pris ce quiz